000 00574nam a2200229Ia 4500
003 OSt
005 20221005122806.0
006 a|||||r|||| 00| 0
007 ta
008 221004b |||||||| |||| 00| 0 eng d
024 _a62983
037 _cTextual
040 _aCRL
_cCRL
_beng
041 _2eng
_aeng
082 _aV224:10X:J5, J6
100 _aSaletore B A
_999985
245 0 _aKarnataka's trans-oceanic contracts
260 _c1956
650 _aHISTORY
942 _hV224:10X:J5, J6
_cTEXL
_2cc
999 _c1045382
_d1045382